| 000 | 02769cam a2200397 a 4500 | ||
|---|---|---|---|
| 005 | 20031230185550.0 | ||
| 010 | _aENG-101666 B-425430-433 B-440887-891 | ||
| 020 |
_c399.00 _a9788184001082 |
||
| 035 | _aEN-85199 | ||
| 035 | _aB-425430-433 | ||
| 035 | _aB-440887-891 | ||
| 037 | _bDBAD/PUB | ||
| 037 | _bResearchco Book Centre | ||
| 037 | _bRBC/VEN | ||
| 082 | _aS | ||
| 100 | 1 |
_aDevidayal, Namita _930990 |
|
| 245 | 1 | 0 |
_aAfter taste / _cby Namita Devidayal |
| 260 |
_aNoida _bRandom House India _c2010 |
||
| 270 |
_aMind Mill Corporate Tower, 2nd Floor, Plot No 24A Sector 16A, _bNoida _e201301 |
||
| 300 | 1 |
_a296p. _c23cm (Hb) |
|
| 500 | _aIncludes bibliographical references | ||
| 700 | _922431 | ||
| 942 |
_2ddc _cEN _mDEV _hS |
||
| 999 |
_c48274 _d48274 |
||